Указ Президиума Верховного Совета СССР о награждении орденами и медалями генералов, офицеров и сержантского состава сверхсрочной...

RUSMARC
00004862nac2a22002893x 450
001081e49ad-99be-4f74-bc54-b5f5596e1df6
00520260120082520.0
100##$a20251101l1947 k y0rusy50 ca
1010#$arus
102##$aRU
105##$ay z |||||
1220#$ad19471106
2001#$aУказ Президиума Верховного Совета СССР о награждении орденами и медалями генералов, офицеров и сержантского состава сверхсрочной службы за выслугу лет в Вооруженных Силах СССР, принятый 6 ноября 1947 года (к протоколу № 23)
$j6 ноября 1947
215##$a78 листов
$d27,8 х 20,3
251##$cДело
300##$aМашинописный текст с рукописными пометками
461#0$1001d61833fe-7036-4123-ba24-5c83654b2cf0
$12001
$aВерховный Совет СССР
$1251
$cФонд
$1852
$gР
$j7523
462#0$1001f97228f9-855d-4329-90f3-ac5adbe8c7dc
$12001
$aПодлинные протоколы заседаний Президиума Верховного Совета СССР и материалов к ним второго созыва
$vД. 185
$1251
$cОпись
$1852
$j36
60101$3RU\NLR\AUTH\661504915
$aСССР
$bВооруженные силы
605##$3DITM\AF\0000002775
$aВласть
$lколлекция
$2acquisition_prlib
6101#$aУказ
$aНаграждение
$aОрдена
$aМедали
$aГенералы
$aОфицеры
$aСержантский состав
$aСверхсрочная служба
$aВыслуга лет
$a6 ноября 1947 г.
686##$a63.3(2)62-332ю1
$cИстория
$2rubbk
686##$a67.400.6ю1
$cПраво
$2rubbk
71001$3RU\NLR\AUTH\8810065327
$aСССР
$bВерховный Совет
$bПрезидиум
801#0$aRU
$bGA_RF
801#1$aRU
$bГлавНИВЦ
$c20251101
$2rusmarc
801#2$aRU
$bПБ им. Б.Н. Ельцина
$c20260120
$gRCR
$2rusmarc
852##$aГА РФ
$j185
937##$d200086841
$hГАРФ
035##$aRuPRLIB51080962
856##$uhttp://readingroom.main.prlib.ru/item.aspx?id_node=n200086841&mode=full
Формат отображения